SMTS-I Strength of materials / (Record no. 32)

000 -LEADER
fixed length control field 00486 a2200169 4500
008 - FIXED-LENGTH DATA ELEMENTS--GENERAL INFORMATION
fixed length control field 200221b ||||| |||| 00| 0 eng d
020 ## - INTERNATIONAL STANDARD BOOK NUMBER
International Standard Book Number 9788131809259
082 00 - DEWEY DECIMAL CLASSIFICATION NUMBER
Classification number 620.112
Item number P9845
100 ## - MAIN ENTRY--PERSONAL NAME
Personal name Punmia, B. C.
245 ## - TITLE STATEMENT
Title SMTS-I Strength of materials /
250 ## - EDITION STATEMENT
Edition statement 10th Ed.
260 ## - PUBLICATION, DISTRIBUTION, ETC. (IMPRINT)
Place of publication, distribution, etc New Delhi:
Name of publisher, distributor, etc Laxmi Publication,
Date of publication, distribution, etc 2018.
300 ## - PHYSICAL DESCRIPTION
Extent xv, 805 p.
650 #0 - SUBJECT ADDED ENTRY--TOPICAL TERM
Topical term or geographic name as entry element Strength of Materials
700 ## - ADDED ENTRY--PERSONAL NAME
9 (RLIN) 1834
Personal name Jain, Ashok Kumar
942 ## - ADDED ENTRY ELEMENTS (KOHA)
Source of classification or shelving scheme
Item type Books
Holdings
Withdrawn status Lost status Source of classification or shelving scheme Damaged status Not for loan Permanent location Current location Date acquired Source of acquisition Cost, normal purchase price Total Checkouts Total Renewals Full call number Barcode Date last seen Date last borrowed Cost, replacement price Koha item type
          IMU Kolkata IMU Kolkata 2019-01-30 Katha-O-Kahini 532.42 2 2 620.112 P9845 13815 2025-06-13 2025-04-16 710.00 Books
          IMU Kolkata IMU Kolkata 2019-01-30 Katha-O-Kahini 532.42     620.112 P9845 13816 2019-09-05   710.00 Books
          IMU Kolkata IMU Kolkata 2019-01-30 Katha-O-Kahini 532.42     620.112 P9845 13817 2019-09-05   710.00 Books
          IMU Kolkata IMU Kolkata 2019-01-30 Katha-O-Kahini 532.42     620.112 P9845 13818 2019-09-05   710.00 Books
          IMU Kolkata IMU Kolkata 2019-01-30 Katha-O-Kahini 532.42 6 1 620.112 P9845 13819 2025-04-02 2025-03-13 710.00 Books
          IMU Kolkata IMU Kolkata 2019-01-30 Katha-O-Kahini 532.42     620.112 P9845 13820 2019-09-05   710.00 Books
          IMU Kolkata IMU Kolkata 2019-01-30 Katha-O-Kahini 532.42     620.112 P9845 13821 2019-09-05   710.00 Books
          IMU Kolkata IMU Kolkata 2019-01-30 Katha-O-Kahini 532.42     620.112 P9845 13822 2019-09-05   710.00 Books
Designed and Maintained by IMU-KC Library, Kolkata Campus © Copyright All Rights Reserved

webs counters

Powered by Koha